000 00650nam a2200229Ia 4500
003 OSt
005 20220928120816.0
006 a|||||r|||| 00| 0
007 ta
008 220927b |||||||| |||| 00| 0 eng d
024 _a27135
037 _cReference Collections
040 _aSDCL
_cSDCL
_beng
041 _2eng
_aeng
082 _aO-973w,N5, N9 RR
100 _aTrudeau Lawrence J Ed.
_9451255
245 0 _aAsian American literature.
260 _aDetroit
_bGALE
_c1999
300 _axii,536p
_ccm.
942 _hO-973w,N5, N9 RR
_cREF
_2CC
999 _c765340
_d765340